Die Entwicklung der Baukunst von der Urzeit bis zur Gegenwart : eine Einführung in Geschichte. Teil 1., Altertum und Islam /

Hlavní autor: Hartmann, Karl Otto
Jazyk: Němčina
Vydáno: Berlin : Deutsche Bauzeitung, 1931
Vydání: 2. Aufl.
Fyzický popis: 241 s. : il.
Knihy
Uloženo v:
LEADER 00732nam a22002172a 4500
001 001092374
003 CZ BrMZK
005 20100401141910.0
007 ta
008 100401s1931 gw a er|||||||||||ger d
040 |a BOA001  |b cze 
100 1 |a Hartmann, Karl Otto  |4 aut 
245 1 4 |a Die Entwicklung der Baukunst von der Urzeit bis zur Gegenwart :  |b eine Einführung in Geschichte.  |n Teil 1.,  |p Altertum und Islam /  |c Karl Otto Hartmann 
246 3 0 |a Altertum und Islam 
250 |a 2. Aufl. 
260 |a Berlin :  |b Deutsche Bauzeitung,  |c 1931 
300 |a 241 s. :  |b il. 
910 |a BOA001  |b 3-0242.661,1 
990 |a BK 
991 |b 201003 
996 7 |b 2610431830  |c 3-0242.661,1  |l MZK  |r Sklad / do 1 hodiny  |n 0  |w 001117570  |u 000010  |a 1  |e BOA001  |j MZK50  |s A